[Event "Politiken Cup 08th"]
[Site "Copenhagen"]
[Date "1986.??.??"]
[Round "6"]
[White "Smyslov, Vassily V"]
[Black "Sehner, Norbert"]
[Result "1-0"]
[WhiteElo "2575"]
[BlackElo "2375"]
[PlyCount "53"]
[EventDate "1986.06.??"]
[EventType "swiss"]
[EventRounds "10"]
[EventCountry "DEN"]
[SourceTitle "EXT 1997"]
[Source "ChessBase"]
[SourceDate "1996.11.15"]
[SourceVersion "1"]
[SourceVersionDate "1996.11.15"]
[SourceQuality "1"]

1. d4 d5 2. c4 e6 3. Nf3 c6 4. Qc2 Nd7 5. Nbd2 Ngf6 6. g3 Bd6 7. Bg2 O-O 8. O-O
Qe7 9. e4 dxe4 10. Nxe4 Nxe4 11. Qxe4 e5 12. dxe5 Nxe5 13. Ng5 Ng6 14. Qc2 h6
15. Ne4 Bf5 16. Re1 Rfe8 17. Bd2 Rad8 18. Qb3 Be5 19. Bb4 Qc7 20. c5 a5 21. Bc3
Bxe4 22. Rxe4 Bxc3 23. Qxc3 Rxe4 24. Bxe4 Nf8 25. Re1 Ne6 26. Bf5 Nd4 27. Qxd4
1-0

[Event "Politiken Cup 08th"]
[Site "Copenhagen"]
[Date "1986.??.??"]
[Round "7"]
[White "Smyslov, Vassily V"]
[Black "Brinck Claussen, Bjorn"]
[Result "1-0"]
[WhiteElo "2575"]
[BlackElo "2375"]
[PlyCount "55"]
[EventDate "1986.06.??"]
[EventType "swiss"]
[EventRounds "10"]
[EventCountry "DEN"]
[SourceTitle "EXT 1997"]
[Source "ChessBase"]
[SourceDate "1996.11.15"]
[SourceVersion "1"]
[SourceVersionDate "1996.11.15"]
[SourceQuality "1"]

1. e4 c5 2. Nc3 Nc6 3. g3 g6 4. Bg2 Bg7 5. d3 d6 6. Be3 e6 7. Qd2 Nge7 8. Bh6
O-O 9. Bxg7 Kxg7 10. h4 h6 11. f4 f6 12. g4 Nd4 13. Nh3 Nec6 14. O-O f5 15. g5
Rh8 16. Nd1 hxg5 17. Nxg5 Rxh4 18. c3 Nb5 19. Qf2 Rh6 20. Ne3 Nc7 21. Rae1 Bd7
22. Qg3 Qf6 23. exf5 exf5 24. Nd5 Nxd5 25. Bxd5 Rah8 26. Re2 Nd4 27. cxd4 Qxd4+
28. Qe3 1-0

[Event "Interzonal-14a"]
[Site "Subotica"]
[Date "1987.??.??"]
[Round "10"]
[White "Smyslov, Vassily V"]
[Black "Ernst, Thomas"]
[Result "1-0"]
[WhiteElo "2550"]
[BlackElo "2465"]
[Annotator "ChessBase"]
[PlyCount "55"]
[EventDate "1987.06.??"]
[EventType "tourn"]
[EventRounds "17"]
[EventCountry "YUG"]
[EventCategory "11"]
[SourceTitle "CBM 003"]
[Source "ChessBase"]
[SourceDate "1988.04.01"]
[SourceVersion "1"]
[SourceVersionDate "1988.04.01"]
[SourceQuality "1"]

1. d4 Nf6 2. Nf3 d5 3. c4 e6 4. Nc3 c5 5. cxd5 Nxd5 6. e4 Nxc3 7. bxc3 cxd4 8.
cxd4 Bb4+ 9. Bd2 Bxd2+ 10. Qxd2 O-O 11. Bc4 Nd7 12. O-O Nf6 13. Rfe1 Bd7 $6 (
13... b6 $5) 14. e5 $5 (14. d5 exd5 15. exd5 $14) 14... Nd5 (14... Ne8 15. d5
$16) 15. Bxd5 exd5 16. Rab1 b6 17. h3 $1 Rc8 18. Nh2 Ba4 19. Rbc1 Bb5 20. Ng4
Bc4 21. Rc3 b5 22. Rg3 Kh8 23. f4 $16 a5 (23... Qh4 24. Kh2 h5 25. Ne3 Qxf4 26.
Nxc4) 24. f5 b4 25. f6 Rg8 26. Qf4 $1 Bxa2 (26... Rc7 27. e6 fxe6 28. Rxe6 $40)
27. e6 fxe6 28. Ne5 1-0

[Event "Interzonal-14a"]
[Site "Subotica"]
[Date "1987.??.??"]
[Round "15"]
[White "Smyslov, Vassily V"]
[Black "Alburt, Lev O"]
[Result "1-0"]
[WhiteElo "2550"]
[BlackElo "2575"]
[Annotator "Ftacnik,L"]
[PlyCount "93"]
[EventDate "1987.06.??"]
[EventType "tourn"]
[EventRounds "17"]
[EventCountry "YUG"]
[EventCategory "11"]
[SourceTitle "CBM 003"]
[Source "ChessBase"]
[SourceDate "1988.04.01"]
[SourceVersion "1"]
[SourceVersionDate "1988.04.01"]
[SourceQuality "1"]

1. Nf3 Nf6 2. c4 c5 3. Nc3 e6 4. g3 d5 5. cxd5 Nxd5 6. Bg2 Nc6 7. O-O Be7 8. d4
O-O 9. Nxd5 exd5 10. dxc5 Bxc5 11. Qc2 Bb6 12. Ng5 g6 13. Qd2 Nd4 14. Nf3 Qf6
15. Rd1 Nxf3+ 16. Bxf3 Be6 17. Qf4 Qxf4 18. Bxf4 Rac8 $5 (18... Rad8) 19. Rac1
(19. Bxd5 Rc2 20. Bh6 Re8 21. Bxe6 Rxe6 22. e3 Rf6 23. Rf1 Rxb2 24. Rac1 Rc6
25. Rxc6 bxc6 26. Rd1 f5 $10) 19... Rxc1 20. Rxc1 f6 21. a4 $14 g5 22. Bd2 Bd4
23. b4 a6 24. Rd1 Be5 25. Be3 Rd8 26. Bb6 Rd7 27. e3 Bc3 28. Bc5 Kg7 29. a5 Be5
30. Kf1 g4 31. Bg2 h5 32. Ke2 h4 33. gxh4 Bxh2 34. f4 Kg6 (34... gxf3+ 35. Bxf3
$14) 35. Bd4 Rh7 (35... Rc7 36. Bc5 Rd7 $10) (35... Bg3 36. h5+ Kxh5 $2 37.
Bxf6) 36. Bb6 Rh5 (36... Rxh4 $1 37. Bxd5 Bxd5 38. Rxd5 Bg3 39. Bc7 Rh2+ 40.
Kd3 Kh6 41. Rd8 $13) (36... g3 37. Kf1) 37. Kf2 Rf5 38. Rc1 Bd7 39. Rc7 Bc6 40.
Bd4 Rh5 41. Bf1 $18 Rh8 (41... Kf5 42. Re7 Bb5 43. Bxb5 axb5 44. Rxb7) 42. Bd3+
Kh5 43. Bxf6 Rh6 44. Bg5 d4 45. e4 Rh8 46. Kg2 g3 47. Be2+ 1-0

[Event "Rome"]
[Site "Rome"]
[Date "1988.??.??"]
[Round "?"]
[White "Lanzani, Mario"]
[Black "Smyslov, Vassily V"]
[Result "0-1"]
[WhiteElo "2375"]
[BlackElo "2550"]
[PlyCount "80"]
[EventDate "1988.02.??"]
[EventType "tourn"]
[EventRounds "9"]
[EventCountry "ITA"]
[EventCategory "9"]
[SourceTitle "CBM 007"]
[Source "ChessBase"]
[SourceDate "1988.12.01"]
[SourceVersion "1"]
[SourceVersionDate "1988.12.01"]
[SourceQuality "1"]

1. e4 c5 2. Nf3 e6 3. d4 cxd4 4. Nxd4 a6 5. c4 b6 6. Nc3 Bb7 7. Be2 d6 8. f4
Nf6 9. e5 dxe5 10. fxe5 Nfd7 11. Bf3 Qh4+ 12. g3 Bxf3 13. Qxf3 Qxd4 14. Qxa8
Bb4 15. Bd2 Qxe5+ 16. Kd1 O-O 17. Qf3 Rc8 18. a3 Bf8 19. Qf4 Qc5 20. Be3 Qh5+
21. Kc2 Ne5 22. Qg5 Qxg5 23. Bxg5 Nxc4 24. Rad1 f6 25. Bc1 Kf7 26. Rhe1 b5 27.
Kb3 e5 28. Nd5 Nc6 29. Ne3 Nd4+ 30. Ka2 Bc5 31. Nxc4 bxc4 32. Rf1 Ke6 33. Bd2
Rb8 34. Bc3 Rb3 35. Bxd4 Bxd4 36. Rd2 Kd5 37. g4 h6 38. h4 Rg3 39. Rc1 Rxg4 40.
Rdc2 Rxh4 0-1

[Event "Rome"]
[Site "Rome"]
[Date "1988.??.??"]
[Round "?"]
[White "Smyslov, Vassily V"]
[Black "Lukacs, Peter"]
[Result "1-0"]
[WhiteElo "2550"]
[BlackElo "2490"]
[PlyCount "81"]
[EventDate "1988.02.??"]
[EventType "tourn"]
[EventRounds "9"]
[EventCountry "ITA"]
[EventCategory "9"]
[SourceTitle "CBM 007"]
[Source "ChessBase"]
[SourceDate "1988.12.01"]
[SourceVersion "1"]
[SourceVersionDate "1988.12.01"]
[SourceQuality "1"]

1. d4 Nf6 2. c4 e6 3. Nc3 Bb4 4. e3 O-O 5. Nge2 d5 6. a3 Be7 7. Nf4 c6 8. Bd2
Nbd7 9. cxd5 Nxd5 10. e4 N5b6 11. e5 c5 12. Be3 cxd4 13. Bxd4 Bc5 14. Ne4 Bxd4
15. Qxd4 Nd5 16. Nxd5 exd5 17. Nd6 Nb8 18. Bd3 Nc6 19. Qxd5 Qg5 20. O-O Qxe5
21. Qxe5 Nxe5 22. Be4 Rd8 23. Rfd1 Kf8 24. Rac1 Rb8 25. b4 b6 26. f4 Ng6 27. f5
Ne7 28. g4 f6 29. Nb5 Rxd1+ 30. Rxd1 Ba6 31. Nxa7 Be2 32. Rd7 Re8 33. h3 Bc4
34. Kf2 b5 35. Rc7 Rd8 36. Kf3 Rd1 37. a4 Nd5 38. Rc8+ Ke7 39. axb5 Rf1+ 40.
Kg3 Ne3 41. b6 1-0

[Event "URS-ch55"]
[Site "Moscow"]
[Date "1988.07.??"]
[Round "16"]
[White "Smyslov, Vassily V"]
[Black "Ehlvest, Jaan"]
[Result "1-0"]
[WhiteElo "2550"]
[BlackElo "2585"]
[Annotator "Ftacnik,L"]
[PlyCount "81"]
[EventDate "1988.07.??"]
[EventType "tourn"]
[EventRounds "17"]
[EventCountry "URS"]
[EventCategory "14"]
[SourceTitle "URS-ch"]
[Source "ChessBase"]
[SourceDate "1999.07.01"]
[SourceVersion "1"]
[SourceVersionDate "1999.07.01"]
[SourceQuality "1"]

1. Nf3 d5 2. b3 Bg4 3. Bb2 Nd7 4. d4 $5 (4. e3 e5) 4... Bxf3 $6 (4... e6 5. g3
$1) 5. exf3 e6 6. f4 Bd6 7. g3 Qe7 8. Bg2 c6 9. c4 Nh6 (9... Ngf6) 10. O-O O-O
(10... f5 $2 11. cxd5 cxd5 12. Bxd5 exd5 13. Re1 $16) 11. Re1 Nf6 12. c5 $1 Bc7
13. Nd2 Nf5 14. b4 h5 15. Bh3 g6 16. Nf3 Kg7 17. Ne5 Rh8 18. a4 Nd7 19. b5 $40
Nxe5 20. fxe5 f6 21. exf6+ Qxf6 22. Ra3 $1 Rae8 23. Rb3 Re7 24. Qd2 g5 25. Bxf5
$1 Qxf5 (25... exf5 26. Rxe7+ Qxe7 27. bxc6 bxc6 28. Rb7 {/\ Rc7, Qg5+-}) 26.
Bc1 Kg6 (26... g4 $2 27. Qg5+ Qxg5 (27... Kf7 28. Qxf5+ exf5 29. Rxe7+ Kxe7 30.
bxc6 bxc6 31. Rb7) 28. Bxg5 Ree8 29. bxc6 bxc6 30. Rb7) 27. Rbe3 Rg8 $2 (27...
g4 28. f3 {/\ fg4, Rf1} (28. Qe2 $5 Rhe8 29. bxc6 bxc6 30. Qa6) 28... gxf3 $6
29. Rf1 $1 $36 (29. Rxf3 Qxf3 $8 (29... Qg4 30. Ref1 $40) 30. Qg5+ Kf7 (30...
Kh7 31. Qxe7+ $18) 31. Rf1 Qxf1+ 32. Kxf1 $36)) (27... e5 $5) 28. Re5 $1 Bxe5
29. Rxe5 Qb1 (29... Qf3 30. Qxg5+ Kf7 31. Qxh5+ Qxh5 32. Rxh5 $16) 30. Rxg5+ (
30. Qxg5+ Kf7 31. Qxh5+ Rg6) 30... Kh7 (30... Kf7 31. Qf4+ $18) 31. Rxh5+ Kg7
32. Kg2 Kf8 33. Qf4+ Ke8 34. Rh4 $1 e5 35. dxe5 Rf7 36. Qh6 $1 {/\ 36...cb5 37.
Qe6+-} Rg6 37. Qe3 cxb5 38. axb5 Qxb5 39. e6 $1 Rf8 40. Qe5 $1 Qxc5 41. Be3 $18
(41. Be3 Qc6 (41... Qe7 42. Rh7 $1 Qxh7 43. Qb8+ Ke7 44. Qxb7+) (41... Qc8 42.
Rh8 $1 Rfg8 (42... Rgg8 43. e7 $1 Rxh8 44. exf8=Q+ Kxf8 45. Qxh8+ $18) (42...
Rxe6 43. Rxf8+ Kxf8 44. Qh8+ $18) 43. Qf5 $1 Ke7 (43... Rxh8 44. Qf7+ Kd8 45.
e7+) 44. Rh7+ R6g7 (44... Kd6 45. Rd7+ $18) (44... R8g7 45. Qxg6 $18) (44...
Kd8 45. e7+ $18) 45. Bg5+ Ke8 (45... Kd6 46. Rxg7 Rxg7 47. Qf4+ Kc6 48. Qc1+
$18) 46. Qf7+ $1 Rxf7 47. exf7+ Kf8 (47... Kd7 48. fxg8=Q+ $18) 48. Be7+ $1
Kxe7 49. fxg8=Q+ $18) 42. Qb8+ Ke7 43. Rh7+ Kxe6 44. Qxf8 d4+ 45. f3 $1 dxe3 (
45... Qc2+ 46. Bf2 Rxg3+ 47. hxg3 Qxh7 48. Bxd4 $18) 46. Qe7+ $1 Kd5 47. Qe4+
Kc5 48. Rh5+ Kb6 49. Qxe3+ Kc7 (49... Ka6 50. Qa3+ Kb6 51. Qa5#) 50. Rc5 $18)
1-0

[Event "New York op"]
[Site "New York"]
[Date "1989.??.??"]
[Round "9"]
[White "Smyslov, Vassily V"]
[Black "Rohde, Michael A"]
[Result "1-0"]
[WhiteElo "2560"]
[BlackElo "2540"]
[PlyCount "103"]
[EventDate "1989.03.??"]
[EventType "swiss"]
[EventRounds "9"]
[EventCountry "USA"]
[SourceTitle "CBM 012"]
[Source "ChessBase"]
[SourceDate "1989.10.01"]
[SourceVersion "1"]
[SourceVersionDate "1989.10.01"]
[SourceQuality "1"]

1. d4 Nf6 2. c4 g6 3. g3 Bg7 4. Bg2 O-O 5. Nc3 d6 6. Nf3 Nbd7 7. O-O e5 8. e4
c6 9. h3 Qa5 10. Be3 Qb4 11. Qe2 Nb6 12. dxe5 dxe5 13. Nxe5 Nh5 14. Nd3 Qxc4
15. Rac1 Qa6 16. Rfd1 Be6 17. b3 Rad8 18. e5 Rxd3 19. Qxd3 Qxd3 20. Rxd3 Bxe5
21. Ne4 Bf5 22. Bd4 Bxe4 23. Bxe4 Bxd4 24. Rxd4 Nf6 25. Bf3 Re8 26. Kf1 Kf8 27.
Re1 Rxe1+ 28. Kxe1 Ke7 29. Kd2 Nc8 30. Rd3 Nd6 31. Re3+ Kd7 32. g4 h6 33. h4
Kd8 34. Re1 Nd7 35. Bg2 Nf6 36. g5 hxg5 37. hxg5 Nh5 38. Ke3 Ng7 39. Bh3 Nge8
40. Kf4 Nc7 41. Ke5 Nde8 42. Rd1+ Nd5 43. Bg2 Nec7 44. Bxd5 Nxd5 45. Rh1 Ke7
46. Rh8 Nb6 47. Kd4 Nd7 48. Ra8 Kd6 49. Rxa7 Kc7 50. Ra8 Kd6 51. f4 Ke6 52. Ra7
1-0

[Event "Groningen"]
[Site "Groningen"]
[Date "1989.??.??"]
[Round "?"]
[White "Smyslov, Vassily V"]
[Black "Martinovic, Slobodan"]
[Result "1-0"]
[WhiteElo "2570"]
[BlackElo "2460"]
[PlyCount "50"]
[EventDate "1989.12.??"]
[EventType "tourn"]
[EventRounds "9"]
[EventCountry "NED"]
[EventCategory "11"]
[SourceTitle "CBM 016"]
[Source "ChessBase"]
[SourceDate "1990.06.01"]
[SourceVersion "1"]
[SourceVersionDate "1990.06.01"]
[SourceQuality "1"]

1. Nf3 Nf6 2. d4 g6 3. c4 Bg7 4. Nc3 O-O 5. Bg5 c5 6. e3 cxd4 7. exd4 d5 8.
cxd5 Nxd5 9. Qb3 Nxc3 10. bxc3 Nc6 11. Be2 b6 12. O-O Qd6 13. Rad1 e6 14. Nd2
Na5 15. Qb4 Qc7 16. Ne4 h6 17. Qe7 Qxe7 18. Bxe7 Re8 19. Nf6+ Bxf6 20. Bxf6 Bb7
21. Rd3 Bd5 22. Rh3 Kh7 23. Re1 e5 24. dxe5 Nc4 25. Bxc4 Bxc4 1-0

[Event "Moscow rapid"]
[Site "Moscow"]
[Date "1991.??.??"]
[Round "1"]
[White "Reshevsky, Samuel Herman"]
[Black "Smyslov, Vassily V"]
[Result "0-1"]
[WhiteElo "2415"]
[BlackElo "2535"]
[PlyCount "42"]
[EventDate "1991.??.??"]
[EventType "match (rapid)"]
[EventRounds "4"]
[EventCountry "URS"]
[SourceTitle "CBM 026 Extra"]
[Source "ChessBase"]
[SourceDate "1992.03.01"]
[SourceVersion "1"]
[SourceVersionDate "1992.03.01"]
[SourceQuality "1"]

1. c4 Nf6 2. d4 e6 3. Nc3 Bb4 4. Qc2 c5 5. dxc5 Na6 6. a3 Bxc3+ 7. Qxc3 Nxc5 8.
b4 Nce4 9. Qd4 d5 10. cxd5 Qxd5 11. Qxd5 exd5 12. Bb2 Ke7 13. Nf3 Bd7 14. e3
Rhc8 15. Bd3 a6 16. Nd4 Nd6 17. Ke2 Nc4 18. Bc1 Ne4 19. f3 Nc3+ 20. Kf2 Ne5 21.
Bd2 Nxd3+ 0-1

[Event "Gelsenkirchen"]
[Site "Gelsenkirchen"]
[Date "1991.??.??"]
[Round "?"]
[White "Smyslov, Vassily V"]
[Black "Costa, Jean Luc"]
[Result "1-0"]
[WhiteElo "2535"]
[BlackElo "2405"]
[Annotator "Ribli,Z"]
[PlyCount "117"]
[EventDate "1991.05.??"]
[EventType "tourn"]
[EventRounds "11"]
[EventCountry "GER"]
[EventCategory "8"]
[SourceTitle "CBM 025"]
[Source "ChessBase"]
[SourceDate "1991.12.01"]
[SourceVersion "1"]
[SourceVersionDate "1991.12.01"]
[SourceQuality "1"]

1. Nf3 d5 2. c4 e6 3. g3 Nf6 4. Bg2 a6 $6 5. cxd5 (5. b3 c5 6. cxd5 exd5 7. d4
Nc6 8. O-O Be7 9. Bb2 O-O 10. Nc3 $13 {Wojtkiewicz,A-Bykhovsky,Av New York
Manhattan 1990 CBM/19}) 5... exd5 6. O-O Nbd7 7. Nc3 b5 $6 (7... c6 $5) 8. d4
$1 $14 b4 9. Na4 Bd6 10. Bg5 O-O 11. Nd2 Bb7 12. Rc1 h6 13. Bxf6 Nxf6 14. Nc5
Bc6 15. Ne6 fxe6 16. Rxc6 Qe8 17. Qc2 e5 18. dxe5 Qxe5 19. e4 $1 dxe4 20. Nxe4
Nxe4 21. Bxe4 Kh8 22. Rd1 Rae8 23. f3 Qa5 24. Qc4 Qb5 25. Rd5 Qxc4 26. Rxc4 g5
27. Kg2 Rf6 28. Ra5 Kg7 29. Rxa6 Re5 30. a4 bxa3 31. bxa3 Rfe6 32. a4 g4 33. a5
gxf3+ 34. Bxf3 Rb5 35. Ra8 Rb2+ 36. Kh3 Re3 37. Bh5 Rb4 38. Rxb4 Bxb4 39. a6
Ra3 40. Be2 Bc5 41. Rc8 Bb6 42. Kg4 Re3 43. Bf3 Ra3 44. Bb7 Ra4+ 45. Kh3 Ra2
46. Rg8+ Kf6 47. Rf8+ Ke5 48. Rf1 Bd4 49. Rc1 c5 50. Kg4 Kd6 51. h4 Kc7 52. Kh5
Rb2 53. Bd5 Kb6 54. Bc4 Bf2 55. g4 Bg3 56. Rf1 Bf2 57. Kxh6 Bxh4 58. Rf7 Kc6
59. a7 1-0

[Event "Interzonal-16"]
[Site "Biel"]
[Date "1993.??.??"]
[Round "3"]
[White "Smyslov, Vassily V"]
[Black "Dvoirys, Semen I"]
[Result "1-0"]
[WhiteElo "2520"]
[BlackElo "2590"]
[Annotator "Boensch,U"]
[PlyCount "127"]
[EventDate "1993.07.16"]
[EventType "swiss"]
[EventRounds "13"]
[EventCountry "SUI"]
[SourceTitle "CBM 037"]
[Source "ChessBase"]
[SourceDate "1993.12.01"]
[SourceVersion "1"]
[SourceVersionDate "1993.12.01"]
[SourceQuality "1"]

1. e4 c5 2. Nf3 d6 3. d4 cxd4 4. Nxd4 Nf6 5. Nc3 a6 6. Be2 e5 7. Nf3 Be7 8. Bg5
Nbd7 9. a4 O-O 10. O-O Nc5 $5 (10... h6) 11. Bxf6 Bxf6 12. Nd2 {/\ Nc4-e3-d5}
Be6 13. Nc4 Rc8 14. Ne3 (14. Nxd6 Rc6 15. Nf5 Qxd1 16. Rfxd1 Nxe4 $10) 14...
Bg5 15. Ned5 a5 16. Bf3 $14 g6 17. Qe2 f5 18. Rfd1 Kh8 19. g3 Bh6 20. Bg2 Rf7
21. f3 fxe4 22. fxe4 Qg5 23. Rf1 Rcf8 24. Rxf7 Rxf7 25. Rf1 Rxf1+ 26. Qxf1 Bxd5
27. Nxd5 Qc1 (27... Nxa4 28. Qf7 Nxb2 29. h4 Qd8 (29... Qxg3 30. Qf6+) 30. Nf6
Bg7 31. Ne8 Bh6 32. Bh3 $40) 28. Qxc1 Bxc1 29. b3 Kg7 30. Kf2 Bb2 31. h4 Kf7
32. Kf3 Nd7 33. Bh3 Nf6 34. Nb6 Bc3 35. Bc8 Ke7 36. Bxb7 $16 Kd8 37. Nc4 Kc7
38. Ba8 Bb4 39. g4 h6 40. g5 $6 (40. Bd5 Nxd5 (40... Be1 41. Bf7 Bxh4 42. Bxg6
Be1 43. Ke2 Bb4 44. Bf5 {/\ Kd3, c3+-}) 41. exd5 h5 42. gxh5 gxh5 43. Ke2 Bc3
44. Nd2 Bd4 45. Ne4 $18) 40... hxg5 41. hxg5 Nh5 42. Bd5 Nf4 43. Bf7 Kd7 44.
Nb6+ Ke7 45. Bc4 (45. Bd5 $142) 45... Bc5 46. Nd5+ Nxd5 47. exd5 $14 Ba3 48.
Bd3 Bc1 49. Kg4 Kf7 50. b4 Bd2 $1 51. bxa5 Bxa5 52. c4 Bd2 53. Be4 Ba5 54. Bc2
Bd8 55. Bd3 Ba5 56. c5 dxc5 57. d6 Bd2 58. Bc4+ Ke8 59. Bd5 Kd7 60. Bf7 e4 61.
Bxg6 e3 62. Bd3 Kxd6 63. g6 (63. Kf5 c4 64. Bxc4 Kc5 65. Bb5 Kb4 $10) 63... Ke6
$2 (63... Ke7 $10) 64. Kh5 $1 (64. Kh5 Kf6 65. a5 Bxa5 66. Kh6 $18) 1-0

[Event "Veterans-Women"]
[Site "Monte Carlo"]
[Date "1994.??.??"]
[Round "4"]
[White "Smyslov, Vassily V"]
[Black "Arakhamia Grant, Ketevan"]
[Result "1-0"]
[WhiteElo "2530"]
[BlackElo "2485"]
[Annotator "Horn,Pe"]
[PlyCount "121"]
[EventDate "1994.06.??"]
[EventType "schev"]
[EventRounds "6"]
[EventCountry "MNC"]
[SourceTitle "CBM 042"]
[Source "ChessBase"]
[SourceDate "1994.10.01"]
[SourceVersion "1"]
[SourceVersionDate "1994.10.01"]
[SourceQuality "1"]

1. g3 Nf6 2. Bg2 d5 3. Nf3 g6 4. O-O Bg7 5. d3 O-O 6. Nbd2 Nc6 7. c3 (7. e4 e5)
7... a5 8. Qc2 e5 9. e4 (9. a4 h6 10. e4 b6 11. Re1 Bb7 $10 {Karasev-Mukhim/
Leningrad/1990}) 9... d4 $146 (9... b6 10. Rd1 (10. Re1)) (9... Re8 10. b3 (10.
h3 b6 11. Rd1 Be6 12. a4 Qd7 13. Kh2 Rad8 14. Bf1 Qd6 $13 {Knaak-Liebert/DDR/
1973}) 10... b6 (10... h6 11. a3 (11. Bb2 Bg4 12. a3 Qd7 13. b4 dxe4 14. dxe4
Qe6 15. Rfe1 Nd7 16. Nf1 Nb6 17. N3d2 Bh3 18. Ne3 $14 {Balashov-Schoen/
Dortmund op/1991}) 11... Be6 12. Bb2 Qd7 13. Rfe1 Rad8 14. b4 $13) 11. Re1 $13
(11. Bb2 $2 Ba6 12. Rfe1 dxe4 13. dxe4 Bd3 $15 {Stull-Miralles/Lyon/1990}) (11.
Rd1 $13)) (9... a4 $5 10. Rb1 h6 11. b4 axb3 12. axb3 Be6 13. b4 dxe4 14. dxe4
Ra2 15. Bb2 b5 16. Ra1 Rxa1 17. Rxa1 $14 {Hickl-B.Stein/BL/1991}) 10. Nc4 Re8
11. cxd4 Nxd4 12. Nxd4 Qxd4 13. Bd2 $1 {><a5,e5} (13. Be3 Qd8) 13... Qc5 14.
Rfc1 {/\ Nxa5} b6 $2 (14... a4 15. b4 axb3 16. Qxb3 $36) 15. a3 (15. Ne3 Qxc2
16. Rxc2 c5 17. Nc4 Rb8) 15... Bb7 (15... Bd7 16. Ne3 Qxc2 17. Rxc2 c5 18. Nc4
Rab8 19. b4 $14) 16. Ne3 Nd7 (16... Qxc2 17. Rxc2 c5 18. Nc4 Nd7 19. Bh3 $18)
17. Nd5 Qxc2 18. Rxc2 Bxd5 $8 19. exd5 $16 Ra7 20. Re1 (20. Rac1 Nc5) 20... Rd8
21. Bc3 a4 22. Rd2 f5 $2 {><e6,e7} 23. f4 exf4 24. gxf4 Bxc3 25. bxc3 Nf6 26.
c4 Rd7 (26... Nh5 27. Rf2 Rd7 $14) 27. Bf3 Kf7 28. Kf2 Ra5 29. Re6 Ra8 30. Rde2
Rad8 31. Ke3 b5 32. Kd4 bxc4 33. dxc4 Rb8 34. Kc5 Rb3 35. R6e3 Rb1 36. Re1 Rb2
37. h3 h6 38. R3e2 Rb3 39. Re3 Rb2 40. R1e2 Rb1 41. h4 Rb8 42. Rd3 Rb1 43. Re6
Rb2 44. Rde3 h5 45. Rc6 Rb3 46. Ree6 Ne8 47. Bd1 Rd3 (47... Rxa3 48. Rxg6 Ng7
49. Rcf6+) 48. Bxa4 Nd6 49. Kb4 Rd4 50. Rc5 Re7 51. Rxe7+ Kxe7 52. Rxc7+ Kf6
53. Rc6 Ke7 54. Bb3 Rxf4 55. a4 Rxh4 56. a5 Rh1 57. a6 Ra1 58. c5 Ne4 59. d6+
Kd8 60. Be6 Rb1+ 61. Ka5 1-0

[Event "Veterans-Women"]
[Site "Monte Carlo"]
[Date "1994.??.??"]
[Round "6"]
[White "Smyslov, Vassily V"]
[Black "Chiburdanidze, Maia"]
[Result "1-0"]
[WhiteElo "2530"]
[BlackElo "2520"]
[Annotator "Hecht,H"]
[PlyCount "181"]
[EventDate "1994.06.??"]
[EventType "schev"]
[EventRounds "6"]
[EventCountry "MNC"]
[SourceTitle "CBM 042"]
[Source "ChessBase"]
[SourceDate "1994.10.01"]
[SourceVersion "1"]
[SourceVersionDate "1994.10.01"]
[SourceQuality "1"]

1. Nf3 Nf6 2. c4 g6 3. b4 c5 4. bxc5 Qa5 5. e3 Bg7 6. Be2 Na6 7. O-O Nxc5 8. d4
Nce4 9. Nfd2 O-O 10. Nb3 Qc7 11. f3 Nd6 12. c5 Nde8 13. e4 b6 14. cxb6 axb6 15.
Be3 d5 16. e5 Nd7 17. f4 Ba6 18. Bxa6 Rxa6 19. Qd3 Qa7 20. Nc3 Nc7 21. f5 gxf5
22. Rxf5 b5 23. Rh5 Rg6 24. Ne2 Nb6 25. Nf4 Nc4 26. Nxg6 fxg6 27. Rh3 Ne6 28.
Qe2 Rf4 29. Bxf4 Nxf4 30. Qg4 Bxe5 31. Kh1 Nxh3 32. Qxh3 Bf6 33. Qe6+ Kg7 34.
Qxd5 Ne3 35. Qxb5 Nc2 36. Rd1 Qxa2 37. Qd3 Nb4 38. Qf3 Nc6 39. Qxc6 Qxb3 40.
Qc1 h5 41. Qd2 Qd5 42. h3 Kf7 43. Qd3 Kg7 44. Qf3 Qc4 45. d5 Qb4 46. Qe3 Qa4
47. Re1 Qb4 48. Rc1 Qd6 49. Rd1 Qb4 50. Qd2 Qd6 51. Qd3 Be5 52. Re1 Bf6 53. g3
Qc5 54. h4 Qc8 55. Kg2 Qa8 56. Qe4 Qa2+ 57. Re2 Qa3 58. Qf4 Qc3 59. Kh2 Qc5 60.
Rd2 Qc3 61. d6 exd6 62. Rxd6 Qc2+ 63. Rd2 Qc6 64. Qe3 Kh7 65. Qa7+ Bg7 66. Qf7
Qe4 67. Qd5 Qe3 68. Qd3 Qe6 69. Re2 Qf7 70. Qe4 Qf6 71. Kg2 Qd6 72. Rc2 Qd7 73.
Rc6 Qd2+ 74. Kh3 Qd7+ 75. Re6 Qf7 76. Kg2 Bf6 77. Rb6 Bg7 78. Qe6 Qxe6 79. Rxe6
Bc3 80. Kf3 Kg7 81. Re3 Bd2 $2 (81... Bf6 $10) 82. Rd3 Be1 $4 (82... Bc1 83.
Rb3 g5 84. Ke4 (84. hxg5 Bxg5 85. Ke4 Kg6 86. Rb6+ Kg7 87. Kf5 Bd2 88. Rb2 Be1
$10 89. Rh2) 84... gxh4 85. gxh4 Kg6 86. Rb6+ Kg7 87. Kf5 Bd2 88. Rg6+ Kh7 $10)
83. Kf4 Kf6 (83... Bb4 84. Ke5 Kf7 85. Rd7+ Be7 86. Rb7 Kf8 87. Ke6 $18) 84.
Rd6+ Kf7 85. Kg5 Bxg3 86. Rf6+ Ke7 87. Rxg6 Be1 88. Kxh5 Kf7 89. Rg2 Kf6 90.
Re2 Bg3 91. Re4 1-0

[Event "Veterans-Women"]
[Site "Monte Carlo"]
[Date "1994.??.??"]
[Round "9"]
[White "Arakhamia Grant, Ketevan"]
[Black "Smyslov, Vassily V"]
[Result "0-1"]
[WhiteElo "2485"]
[BlackElo "2530"]
[Annotator "Ftacnik,L"]
[PlyCount "130"]
[EventDate "1994.06.??"]
[EventType "schev"]
[EventRounds "6"]
[EventCountry "MNC"]
[SourceTitle "CBM 042"]
[Source "ChessBase"]
[SourceDate "1994.10.01"]
[SourceVersion "1"]
[SourceVersionDate "1994.10.01"]
[SourceQuality "1"]

1. e4 e5 2. Nf3 Nc6 3. Bb5 a6 4. Ba4 d6 5. c3 Nf6 6. d4 Bd7 7. O-O Be7 8. Re1
O-O 9. Nbd2 Re8 (9... exd4 10. cxd4 Nb4 11. Bxd7 Qxd7 $13) 10. h3 Bf8 11. Bc2
g6 12. Nf1 Bg7 13. Bg5 h6 14. Bh4 Qe7 15. Ne3 Qf8 $1 16. Nd5 (16. Bxf6 Bxf6 17.
Nd5 Bd8) 16... Nxd5 17. exd5 Na5 $1 18. dxe5 dxe5 19. Bg3 Qd6 20. a4 Rad8 21.
b3 Bc8 22. c4 c6 23. Qd2 b6 24. Rad1 cxd5 25. cxd5 (25. c5 $5 Qb8 $1) 25... Bb7
26. Re3 Rc8 (26... Bxd5 $2 27. Rd3 Qc6 28. Ne1 $16) 27. Bb1 Rc5 28. Rd3 Qd7 {
/\ e4} 29. b4 Nc4 30. Qa2 Rcc8 31. Nd2 Nd6 $1 32. Nf1 f5 33. R3d2 f4 $1 34. Bh2
(34. Bh4 g5 $19) 34... Qf7 $17 35. Qb3 Red8 36. Qf3 Nc4 37. Re2 Bxd5 38. Qg4
Be6 $1 39. Rxd8+ Rxd8 40. Qxg6 Qxg6 41. Bxg6 Rd4 (41... Rd1 42. Bxf4 $1) 42.
Re1 Bf8 43. b5 axb5 44. axb5 Kg7 45. Bc2 Bd7 46. g3 (46. Rb1 Na3) 46... Bxb5
47. gxf4 exf4 48. Re4 Rxe4 49. Bxe4 Bd6 50. Bd3 Na3 51. Bxb5 Nxb5 52. Nd2 Nd4
53. Kf1 Kg6 54. Nc4 Bc7 55. Nxb6 (55. Nd2 b5 $19) 55... Bxb6 56. Bxf4 Ne6 57.
Bd2 Bc7 58. Kg2 Bf4 59. Bc3 (59. Bxf4 Nxf4+ 60. Kg3 Kg5 61. h4+ Kf5 $19) 59...
Kf5 60. Bb4 Ke4 61. Ba5 h5 62. Bb4 Bc7 63. Bd2 Kd3 64. Be3 Ke2 65. Bc1 Bb6 (
65... Bb6 66. f4 Ng7 67. Kg3 Nf5+ $19) 0-1